| 000 | 00366nam a2200133Ia 4500 | ||
|---|---|---|---|
| 008 | 210312s9999||||xx |||||||||||||| ||und|| | ||
| 041 | _aosm | ||
| 050 | _aBP75.3 | ||
| 050 | _bŞ86.Z3 | ||
| 100 | _aŞumnulu Mustafa Rıza | ||
| 245 | 0 | _aZübde-yi vakayi-yi nübüvvet ve fazail-i ahyar-i ümmet | |
| 260 | _c1308 | ||
| 650 | _aDin--İslam dini--Tarihsel çalışmalar | ||
| 999 |
_c22310 _d22310 |
||